[Event "FIDE-Wch k.o."]
[Site "Moscow"]
[Date "2001.12.05"]
[Round "4.2"]
[White "Anand, Viswanathan"]
[Black "Dreev, Alexey"]
[Result "1-0"]
[WhiteElo "2770"]
[BlackElo "2676"]
[Annotator "Ftacnik,L"]
[PlyCount "83"]
[EventDate "2001.11.27"]
[EventType "k.o."]
[EventRounds "7"]
[EventCountry "RUS"]
[SourceTitle "CBM 086"]
[Source "ChessBase"]
[SourceDate "2002.02.05"]
[SourceVersion "1"]
[SourceVersionDate "2002.02.05"]
[SourceQuality "1"]

1. e4 c6 2. d4 d5 3. Nc3 dxe4 4. Nxe4 Bf5 5. Ng3 Bg6 6. h4 h6 7. Nf3 Nd7 8. h5
Bh7 9. Bd3 Bxd3 10. Qxd3 e6 11. Bf4 Bb4+ 12. c3 Be7 13. O-O-O Ngf6 14. Kb1 O-O
15. Ne5 Qa5 (15... c5 16. Qf3 (16. Ne4 cxd4 17. Qxd4 Nb6 18. Nxf6+ Bxf6 19. Qe4
Qe7 20. Ng4 Rfd8 21. Nxf6+ Qxf6 {1/2-1/2 Leko,P-Anand,V/Bastia/2001 (52)})
16... cxd4 17. Rxd4 Nxe5 18. Bxe5 Qc8 19. Rhd1 Rd8 20. Ne4 Rxd4 21. Rxd4 Nxe4
22. Qxe4 b5 23. Rd3 Bf8 24. g4 {1-0 Chandler,M-Berg,K/Germany/1987/ (35)}) (
15... a5 16. Ne4 (16. c4 a4 17. Qf3 Qa5 18. Rd3 Rad8 19. Rhd1 Qa6 20. Ne2 Nb6
21. Rc1 Nfd7 {1/2-1/2 Lutz,C-Dreev,A/Yerevan 2001/ (59)}) 16... Nxe4 17. Qxe4
Nf6 18. Qe2 Qd5 19. f3 b5 20. g4 Nd7 21. Rhg1 Rad8 22. Bc1 Nxe5 23. dxe5 Qc5 {
1/2-1/2 Emms,J-Summerscale,A/Scarborough 1999/ (39)}) 16. Nxd7 (16. Ne4 Rad8
17. Nxd7 Rxd7 18. Be5 Nxe4 19. Qxe4 Bd6 20. Bxd6 Rxd6 21. g4 f5 22. Qf4 Qd8 23.
Rhg1 {1-0 Lakos,N-Lorincz,I/Hungary 1997/ (45)}) 16... Nxd7 17. Ne4 Rad8 (17...
Qf5 18. Be3 Rad8 19. g4 Qh7 20. Rhg1 f5 21. Qc4 fxe4 22. Qxe6+ Rf7 {0-1
Kharlov,A-Danielsen,H/Copenhagen 1993/ (40)}) 18. Qg3 Kh8 19. Bc7 Qf5 (19...
Qd5 20. f3 Rde8 21. Be5 Rg8 $14) 20. f3 Rc8 21. Ka1 Nf6 22. Nd6 (22. Be5 Rfd8
23. Bxf6 gxf6 $13) 22... Bxd6 (22... Nxh5 23. Qf2 Bxd6 24. Bxd6 Rfd8 25. g4 Qh7
26. Qh2 Nf6 27. Be7 Rg8 28. g5 $16) 23. Bxd6 Rfd8 24. Be5 c5 (24... Rd7 25. Qh4
Rcd8 26. Rde1 $13) 25. dxc5 Nxh5 $2 {[%mdl 64] Dreev have overlooked the
original tactical blow on 27th move, position was about equal.} (25... Rxd1+
26. Rxd1 Nxh5 (26... Rxc5 27. Bxf6 Qxf6 28. Qb8+ Kh7 29. Qxb7 Rxh5 30. Qxa7 Rh2
31. Qf2 $14) 27. Qe1 Nf6 $11) 26. Rxd8+ Rxd8 27. Bxg7+ $1 (27. Rxh5 $4 Rd1#)
27... Kh7 (27... Nxg7 28. Qh4 Rd5 29. Qxh6+ Kg8 30. Qh8#) (27... Kg8 28. Qc7
Rd5 29. Bxh6 Qc2 30. Rc1 Rd1 31. Qd8+ Rxd8 32. Rxc2 $18) 28. Qh4 Rd2 (28... Rd5
29. c4 (29. Bf8 Qc2 30. Qe4+ Qxe4 31. fxe4 Rd2 $14) 29... Rxc5 30. Bc3 $1 (30.
Bf8 Re5 31. g4 Qxf3 32. gxh5 Re4 33. Qh2 Rxc4 34. Qg1 Rg4 35. Qb1+ f5 36. Qc1
$18) 30... Qd3 31. a3 $18) (28... Qd3 29. Bxh6 $1 (29. Bd4 Rd5 30. g4 Qxf3 31.
a3 $18)) 29. Bxh6 $1 Kxh6 (29... Rxg2 30. Qxh5 Rg1+ 31. Bc1+ Qxh5 32. Rxh5+ Kg6
33. Rh6+ Kg7 34. Kb1 Rxc1+ 35. Kxc1 Kxh6 36. Kd2 Kg5 37. Ke3 $18) 30. g4 Qg5 (
30... Qxf3 $2 31. Qxh5+ Kg7 32. Qh8+ (32. Qh6+ Kg8 33. Qh8#) 32... Kg6 33. Qh6#
) 31. Qxh5+ (31. Qe1 Qd8 32. Rxh5+ Kg7 33. Rh1 Qd5 34. f4 $18) 31... Qxh5 32.
Rxh5+ Kg7 33. a4 Rd3 34. c6 $1 {Anand correctly strives to move his pawns on
the queenside.} (34. Rh3 e5 35. Rh5 Rxf3 36. Rxe5 Rf4 37. b4 $16) 34... bxc6
35. Ra5 Rxf3 (35... Rd7 36. b4 Kf6 37. Kb2 $18) 36. Rxa7 e5 (36... Rf4 37. b4
Rxg4 38. Kb2 $18) (36... Rg3 37. a5 Rxg4 38. b4 $18) 37. a5 Kf6 (37... Rf4 38.
b4 Rxg4 39. Rc7 $18) (37... e4 38. Re7 $18) 38. a6 e4 39. Ra8 (39. Rxf7+ $2
Kxf7 40. a7 e3 41. a8=Q Rf1+ 42. Ka2 e2 43. Qb7+ Kg8 44. Qc8+ Kg7 45. Qd7+ Kf8
46. Qd8+ Kf7 $11) 39... Rd3 (39... Ke7 40. a7 e3 41. Re8+ Kxe8 42. a8=Q+ $18)
40. Re8 Rd5 41. b4 Rd7 42. c4 (42. c4 Ra7 43. b5 $18) 1-0

[Event "Elista FIDE GP"]
[Site "Elista"]
[Date "2008.12.26"]
[Round "11"]
[White "Gashimov, Vugar"]
[Black "Jakovenko, Dmitrij"]
[Result "1/2-1/2"]
[WhiteElo "2703"]
[BlackElo "2737"]
[Annotator "Gashimov,V"]
[PlyCount "110"]
[EventDate "2008.12.14"]
[EventType "tourn"]
[EventRounds "13"]
[EventCountry "RUS"]
[EventCategory "19"]
[SourceTitle "CBM 128"]
[Source "ChessBase"]
[SourceDate "2009.01.28"]
[SourceVersion "1"]
[SourceVersionDate "2009.01.28"]
[SourceQuality "1"]

1. e4 c6 2. d4 d5 3. Nd2 dxe4 4. Nxe4 Bf5 5. Ng3 Bg6 6. h4 h6 7. Nf3 Nd7 8. h5
Bh7 9. Bd3 Bxd3 10. Qxd3 e6 11. Bd2 Ngf6 12. O-O-O Be7 13. Qe2 c5 {This is the
way that Black has nowadays started to handle this variation, since if he
plays first 13...0-0, then there follows 14.Nf1, a move first seen in the game
Gashimov-Gelashvili in the Turkish League, 2006. I managed to win that game,
and White subsequently had several more successes in the same variation.} (
13... O-O 14. Nf1 c5 15. g4 cxd4 16. g5 hxg5 17. Bxg5 $40 {[%emt 0:33:26]
Gashimov-Gelashvili, Antalya,}) 14. Rhe1 O-O 15. Nf5 cxd4 16. N3xd4 {Also
possible is 16.Ne7, but I consider the move in the game to be more principled.}
Bc5 17. Nxh6+ gxh6 18. Bxh6 Re8 19. g4 $5 {With the idea of mating the black
king.} Nd5 20. g5 Qb6 $1 21. Nf3 $1 {Also possible is 21.Qg4!?} Qa6 (21... Bxf2
22. g6 $40) 22. Qxa6 bxa6 23. c4 N5b6 24. g6 f6 $6 (24... fxg6 25. Rg1 Nf8 26.
Bxf8 Kxf8 27. Rxg6 $13) 25. Re2 Rad8 26. b3 Nf8 {Black hardly has any useful
moves, therefore he has to sacrifice another pawn, so as to exchange a pair of
pieces.} (26... e5 27. Nh4 Nb8 28. Be3 $14) 27. Rxd8 Rxd8 28. Bxf8 Bxf8 {
After other recaptures, there would follow h6.} 29. Rxe6 Kg7 30. Kc2 $1 ({
A very strong move, removing the king from possible bishop checks. Weaker was} 
30. Nh4 $6 Kh6 31. Rxf6 Kxh5 (31... Kg5 $2 32. Rf5+ $1 Kxh4 33. Rxf8 Rxf8 34.
g7 Rg8 35. h6 $18) 32. Nf3 Bg7 33. Rf7 Rd7 $15) 30... Bb4 31. Rc6 $1 {Now
Black is in zugzwang.} Kh6 32. Rxf6 Kxh5 33. g7 $2 ({An extremely annoying
oversight. Up to now I had played very well, but this move is the main reason
I did not win the game, and the tournament.} 33. Ne5 $1 Nd7 34. Rf5+ Kh6 35.
Ng4+ $1 Kxg6 36. Rd5 Kf7 37. Ne5+ Ke8 38. Nc6 $18) 33... Rg8 34. Rf7 $138 Nc8
$8 35. Rc7 Ne7 $2 (35... Bd6 $1 $11) 36. Rxa7 $6 (36. Ne5 $1 Rxg7 37. Nd3 $1 a5
38. Rxa7 $16) 36... Rxg7 37. Ne5 Bc5 38. Rxa6 Bxf2 39. Nd3 Bg1 40. b4 {
Time-trouble is over. White is better once again, but is it enough to win?} Kg5
$1 {The king must approach the pawns as quickly as possible.} 41. Kc3 Kf5 42.
a4 Rg4 43. Rd6 Nc8 $1 {Jakovenko defends as well as possible.} 44. Rd8 (44.
Rd5+ Ke6 45. Nc5+ Bxc5 $1 46. Rxc5 Nd6 47. Rc7 Rg3+ 48. Kd4 Rg4+ 49. Kd3 Rg3+
50. Ke2 Rg2+ 51. Ke3 Rg4 $11) 44... Nb6 45. c5 Nxa4+ 46. Kb3 Nxc5+ 47. Nxc5 Ke5
48. Rd1 Bxc5 49. bxc5 Ke6 50. c6 Ke7 51. Rd7+ Ke8 52. Rd3 Ke7 53. c7 Rg8 54.
Rd8 Rxd8 55. cxd8=Q+ Kxd8 1/2-1/2

[Event "Madrid Magistral 7th"]
[Site "Madrid"]
[Date "1998.05.12"]
[Round "2"]
[White "Svidler, Peter"]
[Black "Leko, Peter"]
[Result "1/2-1/2"]
[WhiteElo "2690"]
[BlackElo "2670"]
[Annotator "Hansen,Cu"]
[PlyCount "127"]
[EventDate "1998.05.11"]
[EventType "tourn"]
[EventRounds "9"]
[EventCountry "ESP"]
[EventCategory "17"]
[SourceTitle "CBM 065"]
[Source "ChessBase"]
[SourceDate "1998.08.06"]
[SourceVersion "1"]
[SourceVersionDate "1998.08.06"]
[SourceQuality "1"]

1. e4 {Hecht Kostakiev,D Lukacs} c6 2. d4 d5 3. Nd2 dxe4 4. Nxe4 Bf5 5. Ng3 Bg6
6. h4 h6 7. Nf3 Nf6 8. h5 (8. Ne5 {Kostakiev,D 1/2-1/2 Ivanchuk,V-Bareev,E/
President's Cup 1998/CBM 65_03 (20)}) 8... Bh7 9. Bd3 Bxd3 10. Qxd3 e6 11. Bd2
(11. Bf4 {Lukacs - Survey Opening CBM 59}) 11... Be7 (11... c5 {Lukacs} 12. Ne4
(12. O-O-O Nc6 {This is the main idea of c6-c5} 13. Bc3 Qc7 (13... Qd5 $5 14.
b3) 14. dxc5 Bxc5 15. Ne4 Qf4+ 16. Nfd2 Rd8 17. Nxf6+ gxf6 18. Qe4 {(Gi.
Hernandez-Zapata, Merido op. 1995)} Qxf2 $1 19. Rhf1 Qe3 20. Bxf6 Rxd2 21. Qxe3
Bxe3 22. Bxh8 Rxg2+ 23. Kb1 f5 $44 {Gi.Hernandez}) 12... cxd4 (12... Nbd7 {
is a bit passive here.} 13. O-O-O Qc7 14. dxc5 Nxe4 15. Qxe4 Nxc5 16. Qc4 Bd6
17. Bc3 O-O 18. Qd4 Bf4+ 19. Kb1 f6 20. Bb4 b6 21. Rhe1 $14 {Hazai-Campora,
Tuzla 1983}) 13. Nxd4 Be7 14. O-O-O Nc6 15. Bc3 Rc8 16. Rhe1 Nxd4 17. Bxd4 O-O
18. Kb1 Qc7 $14 {Leko-Granda Zuniga, Madrid 1998}) 12. O-O-O O-O {Lukacs:
Despite of the opposite side castles it is not easy to attack without caution.}
13. Kb1 (13. Ne4 {Lukacs} Nbd7 14. Kb1 (14. Rdg1 {Kostakiev,D} Nxe4 {1/2-1/2
Jagodzinski,A-Lauber,A/2nd Perenyi mem, Gyula HUN 1998}) 14... c5 15. dxc5 Nxc5
16. Nxc5 Bxc5 17. Qe2 Qb6 $11 {R.Mainka-Dautov, Bad Zwesten op. 1997}) 13... c5
(13... Nbd7 {Kostakiev,D 1/2-1/2 Kuczynski,R-Grabarczyk,M/Ch Poland Brzeg
Dolny (Poland) 1996 (30)}) 14. Bc3 (14. Ne4 {Lukacs} Nbd7 15. Rhe1 cxd4 16. g4
$5 {Lukacs: is not consistent with the previous move.} Nxe4 17. Qxe4 Nc5 18.
Qxd4 Qxd4 $11 {Voekler-Kachiani, BL 1996}) (14. c4 $5 {Lukacs} cxd4 (14... Nc6
$5 {Lukacs: looks more to the point again.}) 15. Nxd4 Na6 16. Bc3 Nc5 17. Qf3
Qb6 {[#]} 18. Ndf5 $1 exf5 19. Nxf5 Rfe8 20. Qg3 Bf8 21. Nxh6+ $40 {
Toloza-Garcia Palermo, Pico City op. 1996}) (14. Bc1 {Kostakiev,D 1/2-1/2
Rodriguez Lopez Rafael-Garcia Palermo,C/It (open) (a) 1995 (18)}) 14... Nbd7 {
Bent Larsen - and a little later Yasser Seirawan - were the first top-players
in the 1980s, who realised, that blacks K might be relatively safe on g8.} (
14... Nc6 $6 {Lukacs} 15. dxc5 Qxd3 16. Rxd3 Bxc5 17. Bxf6 gxf6 18. Ne4 $14)
15. dxc5 Nxc5 16. Qe2 Qb6 17. Bd4 (17. Nf5 $2 {Lukacs} exf5 18. Qxe7 Rfe8 19.
Qd6 Qxd6 20. Rxd6 Nce4) 17... Qa6 18. c4 $6 {In the following part of the game
white has no sence of danger. Black has easy play on the Q-side while whites
attack on the K-side never gets off} (18. Qxa6 $142 Nxa6 {Lukacs} 19. Ne5 Rfd8
$11) 18... Ncd7 19. Nf1 {Lukacs: White pushes too hard.} (19. Nf5 $2 {Lukacs}
exf5 20. Qxe7 Qxc4) (19. b3 {Lukacs} Rab8 {/\ b5}) (19. Rc1 {Lukacs /\ Rhd1 ~~}
) (19. Bc3 $142 {Kostakiev,D} Rac8 20. Rd4 $11) 19... Qc6 (19... Rfd8 {
Kostakiev,D}) 20. Ne3 Rfd8 21. Qc2 (21. Nf5 $142 $15 {Kostakiev,D}) 21... a6 {
Lukacs: Now Black can create attacking chances on the <<, while White's
chances on the >> are not easy to discover} (21... b5 {Kostakiev,D} 22. Bxf6
Bxf6 $15) 22. b3 $6 {[%cal Yd4b2,Yf3d4]} b5 $36 23. Bb2 (23. cxb5 {Lukacs} Qxb5
{/\ a5,a4}) 23... bxc4 (23... Rac8 {Kostakiev,D} 24. Rh4 Bc5 25. cxb5 axb5 26.
Bxf6 gxf6 $15 (26... Nxf6 $2 27. Rxd8+ Rxd8 28. b4 $16)) 24. Nxc4 (24. Qxc4 {
Lukacs} Qb7) 24... a5 {[%cal Ya5a4,Ya4b3,Ya8a2] Lukacs: Black has to open up
the files against the white K.} 25. Ne3 (25. Nce5 {Lukacs} Qxc2+ (25... Qb7 26.
Nc6) 26. Kxc2 Nxe5 27. Bxe5 Rxd1 28. Kxd1 Ne4 $17) 25... Qb7 {White has
managed to put his B on b2 - as planned with 22.b3. However this has most
certainly not improved his position. The pawn on b3 is a serious weakening.}
26. Rh4 a4 27. Rxa4 Rxa4 28. bxa4 Rc8 29. Qb3 (29. Qd3 {Kostakiev,D} Nc5 30.
Qc2 Nce4 31. Qb3 Qa8 $17) 29... Qe4+ 30. Ka1 (30. Qd3 {Kostakiev,D} Qxa4 31. g4
Qf4 $17) 30... Nc5 31. Qb5 Qxa4 32. Qxa4 Nxa4 33. Rc1 (33. g4 {Kostakiev,D} Ne4
34. Be5 Nxf2 $17) 33... Rxc1+ $6 {So far black has played a classical
Caro-Kann game but not he wants a concrete advantage - +P - to early} (33...
Ra8 $1 {[%cal Ra4b2,Rf6h5] /\34. - Nxb2 35.Kxb2 Ba3+ + /\34. - Nxh5} 34. Rh1 $8
Ne4 35. Nd1 Rc8 $17 {With massive pressure. Whites a2-P is just a weakness as
long as there are rooks and minor-pieces on the board}) 34. Bxc1 Nxh5 {Lukacs:
The _|_ is winning for Black, but technically Black has to play very carefully.
} 35. Kb1 Nf6 (35... Nf4 {Lukacs} 36. Nf5 $1) 36. Kc2 {The fact that blacks K
is so far away from whites passed a2-P means that black has a lot of tecnical
difficulties in converting his extra P. If it is at all possible.} (36. Ne5 $5
{Kostakiev,D} Nc3+ 37. Kb2 Ne2 38. N3c4 Nxc1 39. Kxc1 Kf8 $17) 36... Ne4 (36...
Bc5 $1 {Lukacs} 37. Nd1 g5 $19) 37. Nd1 g5 {Capablanca teaches that first of
all should be moved the free pawan (which is without opponent's P in front of
it). Here 37...h6-h5} (37... Bc5 $142 $1 {Lukacs Lukacs: looks better with
grabing the |^.}) (37... Bc5 $142 {Kostakiev,D} 38. Kb3 Nb6 $17) (37... h5 {
Kostakiev,D} 38. Ne5 (38. Bf4 Bc5 $17) 38... Kf8 39. f3 Nf6 $17) 38. Ne5 Kg7 (
38... Kf8 {Kostakiev,D} 39. f3 Ng3 $17) 39. f3 Nec5 40. g4 {Now White has
created some sort of blockade position on the >>.} f6 41. Nc6 Bd6 42. Be3 Kg6
43. Nc3 h5 44. gxh5+ Kxh5 45. Nxa4 Nxa4 46. Kb3 {Lukacs: Here the barrier on
the << is destroyed and White's o^ begins to tell.} Bc5 (46... Nc5+ {Lukacs}
47. Kc4 Nd7 48. a4) 47. Bxc5 (47. Bxg5 {Kostakiev,D} Kxg5 48. Kxa4 Be3 $17)
47... Nxc5+ 48. Kc4 {Hecht [#] White has compensation in the form of his
passed a-pawn as well as his active king position . [#] Weiß hat Kompensation
in Gestalt des a-Freibauern sowie der aktiven Königsstellung.} Nd7 49. a4 Nb6+
(49... g4 {Lukacs} 50. fxg4+ Kxg4 51. a5 f5 52. Kb5) (49... f5 {Lukacs} 50. a5
g4 51. fxg4+ fxg4 52. a6 $1 (52. Kb5 g3 53. a6 g2 54. a7 g1=Q (54... Nb6 $2 55.
Kxb6 g1=Q+ 56. Kb7) 55. a8=Q Qb6+ 56. Kc4 Qxc6+ 57. Qxc6 Ne5+ 58. Kc5 Nxc6 59.
Kxc6 Kg4 $19) 52... g3 53. Nd4 $1 (53. a7 Nb6+) 53... g2 54. Ne2 (54. Nf3 $2
Ne5+) 54... Nb6+ 55. Kc5 Nc8 56. Kc6 Kg4 57. Kb7 $11) 50. Kc5 (50. Kb5 {Hecht}
Nxa4 51. Kxa4 Kh4 52. Nd4 e5 53. Nf5+ Kh3 54. Kb4 Kg2 55. Kc4 Kxf3 56. Kd5 g4
57. Ke6 g3 58. Kxf6 e4 $19) 50... Nxa4+ 51. Kd6 e5 52. Ke6 e4 53. fxe4 g4 (
53... Nc3 {Kostakiev,D} 54. e5 fxe5 55. Nxe5 Ne2 56. Kd5 $11) 54. Kxf6 g3 55.
Nd4 g2 (55... Nc3 $5 {Kostakiev,D} 56. e5 (56. Kf5 {[%csl Yg4,Yg5,Yg6][%cal
Yd4f3,Ye4e5] Hecht}) 56... Kg4 (56... Kh4 57. Nf5+ $11) 57. e6 $1 g2 (57... Kh3
58. Ne2 $11) 58. Ne2 $1 $11) 56. Ne2 Kg4 57. e5 (57. Ke5 {Kostakiev,D} Nc3 58.
Ng1 Nb5 $17) 57... Nc3 58. Ng1 Ne4+ 59. Kg6 (59. Ke6 {Kostakiev,D} Kf4 60. Kd5
$11) 59... Ng5 60. Kf6 Nh3 (60... Ne4+ {Kostakiev,D} 61. Ke6 Kf4 62. Kd5 Ng5
63. e6 Nxe6 $11) 61. e6 Nxg1 62. e7 Nh3 63. e8=Q g1=Q 64. Qg6+ 1/2-1/2